Normal view
MARC view
Entry Nome pessoal
001 - NÚMERO DE CONTROLE
- campo de controle: 578
003 - IDENTIFICADOR DO NÚMERO DE CONTROLE
- campo de controle: Br
005 - DATA E HORÁRIO DA ÚLTIMA TRANSAÇÃO
- campo de controle: 20250320083117.0
008 - CAMPO DE DADOS FIXOS
- campo de controle de tamanho fixo: 030902|| acnacaban aaaa d
035 ## - NÚMERO DE CONTROLE DO SISTEMA
- Número de Controle do Sistema: 2003090218300967med
040 ## - FONTE DA CATALOGAÇÃO
- Instituição da catalogação original: Br
- Instituição que transcreveu o registro: Br
- Convenções de cabeçalho de assunto/tesauros: Br
100 1# - CABEÇALHO--NOME PESSOAL
- Nome pessoal: Manzoni, Alessandro,
- Datas associadas ao nome: 1785-1873
400 1# - REMISSIVA VER--NOME PESSOAL
- Nome pessoal: Manzoni, Alessandro Francesco Tomasso Antonio
- Datas associadas ao nome: 1785-1873
400 1# - REMISSIVA VER--NOME PESSOAL
- Nome pessoal: Manzoni, Aleksandr
- Datas associadas ao nome: 1785-1873
400 1# - REMISSIVA VER--NOME PESSOAL
- Nome pessoal: Mandzoni, Alesandro
- Datas associadas ao nome: 1785-1873
670 1# - FONTE POSITIVA DOS DADOS
- Citação da fonte positiva dos dados: Autor de: Os noivos... 1959 (Alexanre Manzoni)
670 ## - FONTE POSITIVA DOS DADOS
- Citação da fonte positiva dos dados: Lc microf. 77/83 set. (D.)
670 ## - FONTE POSITIVA DOS DADOS
- Citação da fonte positiva dos dados: https://pt.wikipedia.org/wiki/Alessandro_Manzoni 20/07/2017
- Dados encontrados na fonte localizada no subcampo: (n.c.: Alessandro Francesco Tommaso Manzoni, nasceu em Milão, 7 de março de 1785 e faleceu em Milão, 22 de maio de 1873 ; escritor e poeta italiano - um dos mais importantes nomes da literatura de seu país)
670 ## - FONTE POSITIVA DOS DADOS
- Citação da fonte positiva dos dados: http://authorities.loc.gov/ 21/11/2017
- Dados encontrados na fonte localizada no subcampo: (rems.)
675 ## - FONTE NEGATIVA DOS DADOS
- Citação da fonte positiva dos dados: LC microf. jan/set 85